000 00465nam a2200193Ia 4500
005 20240823030109.0
008 240823s9999||||xx |||||||||||||| ||und||
041 _aENGLISH
082 _A004.76 N6
100 _aManahar lotia
245 0 _aModern All About Keyboard and Mouse
250 _a1st
260 _c1996
_b"BPB,New Delhi"
500 _aTRANSFERED
650 _aMouse
_bComputer Science
700 _a Pradeep Nair
942 _cBK
999 _c187884
_d187884